<?xml version="1.0" encoding="UTF-8"?>
<record
    xmlns:xsi="http://www.w3.org/2001/XMLSchema-instance"
    xsi:schemaLocation="http://www.loc.gov/MARC21/slim http://www.loc.gov/standards/marcxml/schema/MARC21slim.xsd"
    xmlns="http://www.loc.gov/MARC21/slim">

  <leader>00365nam a22001577a 4500</leader>
  <controlfield tag="003">OSt</controlfield>
  <controlfield tag="005">20240322121346.0</controlfield>
  <controlfield tag="008">170729b        xxu||||| |||| 00| 0 eng d</controlfield>
  <datafield tag="020" ind1=" " ind2=" ">
    <subfield code="a"> 978-0070850477 </subfield>
  </datafield>
  <datafield tag="040" ind1=" " ind2=" ">
    <subfield code="c">SEROSOFT</subfield>
  </datafield>
  <datafield tag="100" ind1=" " ind2=" ">
    <subfield code="a">BEISER,ARTHUR</subfield>
  </datafield>
  <datafield tag="245" ind1=" " ind2=" ">
    <subfield code="a">PERSPECTIVES OF MODERN PHYSICS</subfield>
  </datafield>
  <datafield tag="260" ind1=" " ind2=" ">
    <subfield code="a">DELHI</subfield>
    <subfield code="b">TMH</subfield>
    <subfield code="c">1969</subfield>
  </datafield>
  <datafield tag="300" ind1=" " ind2=" ">
    <subfield code="a">608</subfield>
  </datafield>
  <datafield tag="942" ind1=" " ind2=" ">
    <subfield code="2">ddc</subfield>
    <subfield code="c">03</subfield>
  </datafield>
  <datafield tag="999" ind1=" " ind2=" ">
    <subfield code="c">35995</subfield>
    <subfield code="d">35995</subfield>
  </datafield>
  <datafield tag="952" ind1=" " ind2=" ">
    <subfield code="0">0</subfield>
    <subfield code="1">0</subfield>
    <subfield code="2">ddc</subfield>
    <subfield code="4">0</subfield>
    <subfield code="7">0</subfield>
    <subfield code="a">01</subfield>
    <subfield code="b">01</subfield>
    <subfield code="d">2017-07-29</subfield>
    <subfield code="e">127 ENGG. COLLEGE</subfield>
    <subfield code="f">127 ENGG. </subfield>
    <subfield code="l">0</subfield>
    <subfield code="o">630 BEI</subfield>
    <subfield code="p">01-B-121951</subfield>
    <subfield code="r">2017-07-29</subfield>
    <subfield code="w">2017-07-29</subfield>
    <subfield code="y">02</subfield>
  </datafield>
  <datafield tag="952" ind1=" " ind2=" ">
    <subfield code="0">0</subfield>
    <subfield code="1">0</subfield>
    <subfield code="2">ddc</subfield>
    <subfield code="4">0</subfield>
    <subfield code="7">0</subfield>
    <subfield code="a">01</subfield>
    <subfield code="b">01</subfield>
    <subfield code="d">2017-07-29</subfield>
    <subfield code="e">127 ENGG. COLLEGE</subfield>
    <subfield code="f">127 ENGG. </subfield>
    <subfield code="l">0</subfield>
    <subfield code="o">630 BEI</subfield>
    <subfield code="p">01-B-121952</subfield>
    <subfield code="r">2017-07-29</subfield>
    <subfield code="w">2017-07-29</subfield>
    <subfield code="y">02</subfield>
  </datafield>
  <datafield tag="952" ind1=" " ind2=" ">
    <subfield code="0">0</subfield>
    <subfield code="1">0</subfield>
    <subfield code="2">ddc</subfield>
    <subfield code="4">0</subfield>
    <subfield code="7">0</subfield>
    <subfield code="a">01</subfield>
    <subfield code="b">01</subfield>
    <subfield code="d">2017-07-29</subfield>
    <subfield code="e">127 ENGG. COLLEGE</subfield>
    <subfield code="f">127 ENGG. </subfield>
    <subfield code="l">0</subfield>
    <subfield code="o">630 BEI</subfield>
    <subfield code="p">01-B-121953</subfield>
    <subfield code="r">2017-07-29</subfield>
    <subfield code="w">2017-07-29</subfield>
    <subfield code="y">02</subfield>
  </datafield>
  <datafield tag="952" ind1=" " ind2=" ">
    <subfield code="0">0</subfield>
    <subfield code="1">0</subfield>
    <subfield code="2">ddc</subfield>
    <subfield code="4">0</subfield>
    <subfield code="7">0</subfield>
    <subfield code="a">01</subfield>
    <subfield code="b">01</subfield>
    <subfield code="d">2017-07-29</subfield>
    <subfield code="e">127 ENGG. COLLEGE</subfield>
    <subfield code="f">127 ENGG. </subfield>
    <subfield code="l">0</subfield>
    <subfield code="o">630 BEI</subfield>
    <subfield code="p">01-B-121954</subfield>
    <subfield code="r">2017-07-29</subfield>
    <subfield code="w">2017-07-29</subfield>
    <subfield code="y">02</subfield>
  </datafield>
  <datafield tag="952" ind1=" " ind2=" ">
    <subfield code="0">0</subfield>
    <subfield code="1">0</subfield>
    <subfield code="2">ddc</subfield>
    <subfield code="4">0</subfield>
    <subfield code="7">0</subfield>
    <subfield code="a">01</subfield>
    <subfield code="b">01</subfield>
    <subfield code="d">2017-07-29</subfield>
    <subfield code="e">127 ENGG. COLLEGE</subfield>
    <subfield code="f">127 ENGG. </subfield>
    <subfield code="l">0</subfield>
    <subfield code="o">630 BEI</subfield>
    <subfield code="p">01-B-121955</subfield>
    <subfield code="r">2017-07-29</subfield>
    <subfield code="w">2017-07-29</subfield>
    <subfield code="y">02</subfield>
  </datafield>
  <datafield tag="952" ind1=" " ind2=" ">
    <subfield code="0">0</subfield>
    <subfield code="1">0</subfield>
    <subfield code="2">ddc</subfield>
    <subfield code="4">0</subfield>
    <subfield code="7">0</subfield>
    <subfield code="a">01</subfield>
    <subfield code="b">01</subfield>
    <subfield code="d">2017-07-29</subfield>
    <subfield code="e">127 ENGG. COLLEGE</subfield>
    <subfield code="f">127 ENGG. </subfield>
    <subfield code="l">0</subfield>
    <subfield code="o">630 BEI</subfield>
    <subfield code="p">01-B-121956</subfield>
    <subfield code="r">2017-07-29</subfield>
    <subfield code="w">2017-07-29</subfield>
    <subfield code="y">02</subfield>
  </datafield>
  <datafield tag="952" ind1=" " ind2=" ">
    <subfield code="0">0</subfield>
    <subfield code="1">0</subfield>
    <subfield code="2">ddc</subfield>
    <subfield code="4">0</subfield>
    <subfield code="7">0</subfield>
    <subfield code="a">01</subfield>
    <subfield code="b">01</subfield>
    <subfield code="d">2017-07-29</subfield>
    <subfield code="e">127 ENGG. COLLEGE</subfield>
    <subfield code="f">127 ENGG. </subfield>
    <subfield code="o">630 BEI</subfield>
    <subfield code="p">01-B-121957</subfield>
    <subfield code="r">2017-07-29</subfield>
    <subfield code="w">2017-07-29</subfield>
    <subfield code="y">20</subfield>
    <subfield code="z">Central Library to Departmental Basic Science Library</subfield>
  </datafield>
  <datafield tag="952" ind1=" " ind2=" ">
    <subfield code="0">0</subfield>
    <subfield code="1">0</subfield>
    <subfield code="2">ddc</subfield>
    <subfield code="4">0</subfield>
    <subfield code="7">0</subfield>
    <subfield code="a">01</subfield>
    <subfield code="b">01</subfield>
    <subfield code="d">2017-07-29</subfield>
    <subfield code="e">127 ENGG. COLLEGE</subfield>
    <subfield code="f">127 ENGG. </subfield>
    <subfield code="l">0</subfield>
    <subfield code="o">630 BEI</subfield>
    <subfield code="p">01-B-121958</subfield>
    <subfield code="r">2017-07-29</subfield>
    <subfield code="w">2017-07-29</subfield>
    <subfield code="y">02</subfield>
  </datafield>
  <datafield tag="952" ind1=" " ind2=" ">
    <subfield code="0">0</subfield>
    <subfield code="1">0</subfield>
    <subfield code="2">ddc</subfield>
    <subfield code="4">0</subfield>
    <subfield code="7">0</subfield>
    <subfield code="a">01</subfield>
    <subfield code="b">01</subfield>
    <subfield code="d">2017-07-29</subfield>
    <subfield code="e">127 ENGG. COLLEGE</subfield>
    <subfield code="f">127 ENGG. </subfield>
    <subfield code="l">0</subfield>
    <subfield code="o">630 BEI</subfield>
    <subfield code="p">01-B-121959</subfield>
    <subfield code="r">2017-07-29</subfield>
    <subfield code="w">2017-07-29</subfield>
    <subfield code="y">02</subfield>
  </datafield>
  <datafield tag="952" ind1=" " ind2=" ">
    <subfield code="0">0</subfield>
    <subfield code="1">0</subfield>
    <subfield code="2">ddc</subfield>
    <subfield code="4">0</subfield>
    <subfield code="7">0</subfield>
    <subfield code="a">01</subfield>
    <subfield code="b">01</subfield>
    <subfield code="d">2017-07-29</subfield>
    <subfield code="e">127 ENGG. COLLEGE</subfield>
    <subfield code="f">127 ENGG. </subfield>
    <subfield code="l">0</subfield>
    <subfield code="o">630 BEI</subfield>
    <subfield code="p">01-B-121960</subfield>
    <subfield code="r">2017-07-29</subfield>
    <subfield code="w">2017-07-29</subfield>
    <subfield code="y">02</subfield>
  </datafield>
  <datafield tag="952" ind1=" " ind2=" ">
    <subfield code="0">0</subfield>
    <subfield code="1">0</subfield>
    <subfield code="2">ddc</subfield>
    <subfield code="4">0</subfield>
    <subfield code="7">0</subfield>
    <subfield code="a">01</subfield>
    <subfield code="b">01</subfield>
    <subfield code="d">2017-07-29</subfield>
    <subfield code="e">127 ENGG. COLLEGE</subfield>
    <subfield code="f">APPLIED SC</subfield>
    <subfield code="l">0</subfield>
    <subfield code="o">530 BIE</subfield>
    <subfield code="p">01-B-121961</subfield>
    <subfield code="r">2017-07-29</subfield>
    <subfield code="w">2017-07-29</subfield>
    <subfield code="y">02</subfield>
  </datafield>
  <datafield tag="952" ind1=" " ind2=" ">
    <subfield code="0">0</subfield>
    <subfield code="1">0</subfield>
    <subfield code="2">ddc</subfield>
    <subfield code="4">0</subfield>
    <subfield code="7">0</subfield>
    <subfield code="a">01</subfield>
    <subfield code="b">01</subfield>
    <subfield code="d">2017-07-29</subfield>
    <subfield code="e">127 ENGG. COLLEGE</subfield>
    <subfield code="f">APPLIED SC</subfield>
    <subfield code="l">0</subfield>
    <subfield code="o">530 BIE</subfield>
    <subfield code="p">01-B-121962</subfield>
    <subfield code="r">2017-07-29</subfield>
    <subfield code="w">2017-07-29</subfield>
    <subfield code="y">02</subfield>
  </datafield>
</record>
